Ideas of the great economists

Αποθηκεύτηκε σε:
Λεπτομέρειες βιβλιογραφικής εγγραφής
Κύριος συγγραφέας: McConnell, John Wilkinson 1907-
Μορφή: Βιβλίο
Γλώσσα:English
Δημοσίευση: New York : Barnes & Noble Books, 1980
Έκδοση:2nd ed.
Θέματα:
Ετικέτες: Προσθήκη ετικέτας
Δεν υπάρχουν, Καταχωρήστε ετικέτα πρώτοι!

MARC

LEADER 00000nam a2200000 i 4500
001 1/28397
008 960423s1980 eng d
020 |a 0064635112 ((pbk.))  |c $4.95 
035 |l 10023031 
040 |a GR-MY-UA  |b gre  |e aacr 
041 0 |a eng 
082 0 |a 330.1  |2 (19) 
100 1 |a McConnell, John Wilkinson  |d 1907- 
245 1 0 |a Ideas of the great economists /  |c John McConnell 
250 |a 2nd ed. 
260 |a New York :   |b Barnes & Noble Books,   |c 1980 
300 |a vii, 241 p.;  |c 21 cm 
500 |a Previous ed. published in 1947 as: Basic teachings of the great economists 
504 |a Περιλαμβάνει ευρετήριο 
650 0 0 |a Economics  |x History. 
852 |a INST  |b CHIOS  |e 19960423  |h 330.1 MCC  |p 005200006008  |q 005200006008  |t BK  |y 0 
909 |a Χ  |b 01489